Platform 11 Setting The Table (Record no. 359842)
[ view plain ]
| 000 -LEADER | |
|---|---|
| fixed length control field | 00385 a2200145 4500 |
| 005 - DATE AND TIME OF LATEST TRANSACTION | |
| control field | 20241014114439.0 |
| 008 - FIXED-LENGTH DATA ELEMENTS--GENERAL INFORMATION | |
| fixed length control field | 241014b |||||||| |||| 00| 0 eng d |
| 020 ## - INTERNATIONAL STANDARD BOOK NUMBER | |
| International Standard Book Number | 9781948765107 |
| 082 ## - DEWEY DECIMAL CLASSIFICATION NUMBER | |
| Classification number | 720.22/BAN |
| 100 ## - MAIN ENTRY--PERSONAL NAME | |
| Author | Bang E M |
| 245 ## - TITLE STATEMENT | |
| Title | Platform 11 Setting The Table |
| 260 ## - PUBLICATION, DISTRIBUTION, ETC. | |
| Name of publisher, distributor, etc. | Harvard University Graduate School Of Design |
| Date of publication, distribution, etc. | 218 |
| 300 ## - PHYSICAL DESCRIPTION | |
| Extent | 363p |
| Other physical details | PB |
| 942 ## - ADDED ENTRY ELEMENTS (KOHA) | |
| Koha item type | Books |
| Withdrawn status | Lost status | Source of classification or shelving scheme | Damaged status | Not for loan | Collection code | Home library | Current library | Date acquired | Vendor | Net Price | Total Checkouts | Full call number | Barcode | Date last seen | Date last checked out | Actual Price | Bill Date | Koha item type |
|---|---|---|---|---|---|---|---|---|---|---|---|---|---|---|---|---|---|---|
| Dewey Decimal Classification | Book of Digital Architecture | Dr. Bhanuben Nanavati College of Architecture | Dr. Bhanuben Nanavati College of Architecture | 14/10/2024 | 170 | 1789.83 | 2 | 720.22/BAN | BNCA-BK-12908 | 01/12/2025 | 25/11/2025 | 2841.00 | 14/10/2024 | Reference book |